LIBRARY & INFORMATION CENTRE, KCAET, TAVANUR

ONLINE PUBLIC ACCESS CATALOGUE (OPAC)

Business enterprise: Its growth and organisation / (Record no. 12332)

MARC details
000 -LEADER
fixed length control field 00490cam a2200181ua 4500
041 ## - LANGUAGE CODE
Language code of text/sound track or separate title eng
082 ## - DEWEY DECIMAL CLASSIFICATION NUMBER
Classification number 338.7
Item number EDW/BU
100 ## - MAIN ENTRY--AUTHOR NAME
Personal name Edwards, Ronald S .
245 ## - TITLE STATEMENT
Title Business enterprise: Its growth and organisation /
260 ## - PUBLICATION, DISTRIBUTION, ETC. (IMPRINT)
Place of publication London :
Name of publisher MacMillan and Company Limited ,
Year of publication 1964.
300 ## - PHYSICAL DESCRIPTION
Number of Pages 607 ; .
700 1# - ADDED ENTRY--PERSONAL NAME
Personal name Townsend, Harry .
942 ## - ADDED ENTRY ELEMENTS (KOHA)
Koha item type Books
Holdings
Withdrawn status Lost status Damaged status Home library Current library Date acquired Full call number Accession Number Koha item type
Withdrawn     KAUAET Sanskrit University 07/04/2012 338.7 10497 Books
free website counter